Gender discrimination in land ownership / (Record no. 27651)

MARC details
000 -LEADER
fixed length control field 01158nam a22002898a 4500
005 - DATE AND TIME OF LATEST TRANSACTION
control field 20090619145538.0
008 - FIXED-LENGTH DATA ELEMENTS--GENERAL INFORMATION
fixed length control field 090414s2009 ii b 001 0 eng
010 ## - LCCN (DPL NO)
LC control number ENG-94131
020 ## - INTERNATIONAL STANDARD BOOK NUMBER
International Standard Book Number 9788178299426
Terms of availability 795.00
035 ## - SYSTEM CONTROL NUMBER
System control number EN-77664
037 ## - SOURCE OF ACQUISITION
Source of stock number/acquisition DBAD / PUB
040 ## - CATALOGING SOURCE
Original cataloging agency dpl
Language of cataloging English
082 ## - DEWEY DECIMAL CLASSIFICATION NUMBER
Classification number 333.30820954
245 ## - TITLE STATEMENT
Title Gender discrimination in land ownership /
Statement of responsibility, etc edited by Prem Chowdhry
260 ## - PUBLICATION, DISTRIBUTION, ETC. (IMPRINT)
Place of publication, distribution, etc New Delhi
Name of publisher, distributor, etc Sage Publications
Date of publication, distribution, etc 2009
270 ## - ADDRESS
Address B-1/I-1 Mohan Cooprative Industrial Area, Mathura Road,
City New Delhi
Postal code 110044
300 ## - PHYSICAL DESCRIPTION
Extent xxxv, 314p.
Dimensions 23cm (Hb)
490 ## - SERIES STATEMENT
Series statement Land reforms in India ; v. 11
500 ## - GENERAL NOTE
General note Includes bibliographical references and index
650 ## - SUBJECT ADDED ENTRY--TOPICAL TERM
Topical term or geographic name as entry element Land tenure
Geographic subdivision India.
650 ## - SUBJECT ADDED ENTRY--TOPICAL TERM
Topical term or geographic name as entry element Women landowners
Geographic subdivision India.
650 ## - SUBJECT ADDED ENTRY--TOPICAL TERM
Topical term or geographic name as entry element Sex discrimination against women
Geographic subdivision India.
650 ## - SUBJECT ADDED ENTRY--TOPICAL TERM
Topical term or geographic name as entry element Land tenure
General subdivision Law and legislation
Geographic subdivision India.
700 ## - ADDED ENTRY--PERSONAL NAME
Personal name Chowdhry, Prem
942 ## - ADDED ENTRY ELEMENTS (KOHA)
Source of classification or shelving scheme Dewey Decimal Classification
Item type English Books
Classification part 333.30820954
Call number suffix GEN
Holdings
Withdrawn status Lost status Source of classification or shelving scheme Damaged status Not for loan Collection code Home library Current library Date acquired Source of acquisition Cost, normal purchase price Total Checkouts Full call number Barcode Date last seen Copy number Cost, replacement price Koha item type
    Dewey Decimal Classification   Not For Loan Non-fiction D.B.Act.Division D.B.Act.Division 19/06/2009 DBAD / PUB 795.00   333.30820954 GEN EN-77664 19/06/2009 1 795.00 English Books

© Delhi Public Library
Hit Counter
free hit counter